000 00418cam a22001337a 4500
008 180718b1968 xxu||||| |||| 00| 0 eng d
082 _aWx54 Ow2
100 _aOwen, wilfred
245 _aDistance and development: transport and communication in India
_cby Wilfred Owen
260 _aWashington
_bBrookings
_c1968
300 _axvi, 170p
650 _aCommunication and traffic -India.
650 _aTransportation -India
999 _c412104
_d412104